|
|
|
|
| LEADER |
00795nam a22001817a 4500 |
| 008 |
140327b xxu||||| |||| 00| 0 eng d |
| 999 |
|
|
|c 5877
|d 5877
|
| 020 |
|
|
|a 9789382808855
|
| 082 |
|
|
|a 294.5923
|b VIJ
|
| 100 |
|
|
|a വിജയന്, പി. കെ.
|
| 240 |
|
|
|a Mahabharatham Suyodhana parvam
|
| 245 |
|
|
|a മഹാഭാരതം സുയോധന പര്വം /
|c പി. കെ. വിജയന്
|
| 260 |
|
|
|a തിരുവനന്തപുരം :
|b ചിന്ത പബ്ലിഷേഴ്സ്,
|c 2013.
|
| 300 |
|
|
|a 488p.
|
| 650 |
|
|
|a Puranas
|
| 700 |
|
|
|a Vijayan, P. K
|
| 942 |
|
|
|2 ddc
|c BK
|
| 952 |
|
|
|0 0
|1 0
|2 ddc
|4 0
|6 294_592300000000000_VIJ
|7 0
|9 8434
|a MAIN
|b MAIN
|d 2014-03-27
|e Deshabhimani Book House
|g 370.00
|l 6
|m 2
|o 294.5923 VIJ
|p 8696
|r 2018-02-15
|s 2018-02-01
|t 1
|w 2014-03-27
|y BK
|